000 00883cab a2200265 4500
001 ABS58176
008 090401t1998 xxu||||| |||| 00| 0 eng d
035 _a(Sirsi) u83487
041 _aeng
100 _aCadji, M.
245 _aMake your architecture future-proof
260 _c1998
350 _a0
490 _aFlexible Working
_vFebruary 1998, 40-43(3)
520 _aDiscusses how architects need to consider the information technology needs of offices of the future while designing buildings now. Installing new types of ducting could reduce future of costs of installation and lessen disruption.
650 _aCABLING
650 _aCOMMUNICATIONS TECHNOLOGY
650 _aFUTURE
650 _aINSTALLATION
650 _aOFFICES
650 _aWIRING
690 _aMANAGEMENT-BUSINESS MANAGEMENT-INFORMATION MANAGEMENT
942 _n0
948 _c02/02/1998
999 _c52732
_d52732